Statistics for Every Country by Picture

Click here to take the quiz!

General Stats

  • This quiz has been taken 1,742 times
  • The average score is 48 of 196

Answer Stats

Answer% Correct
United Kingdom
96%
United States
96%
Egypt
93%
Germany
92%
Japan
92%
India
89%
Greece
88%
France
87%
Peru
85%
Russia
84%
North Korea
83%
Canada
82%
Italy
81%
Saudi Arabia
81%
Australia
80%
China
78%
Brazil
76%
Turkey
75%
Chile
72%
Tanzania
72%
Spain
71%
Cuba
69%
Ireland
64%
Madagascar
64%
South Korea
64%
Venezuela
58%
Denmark
57%
Cambodia
56%
Panama
56%
Poland
56%
Jordan
55%
Norway
54%
Afghanistan
52%
Netherlands
48%
South Africa
48%
Bhutan
46%
Hungary
46%
Thailand
45%
Vatican City
44%
Vietnam
43%
Guatemala
42%
Myanmar
42%
Kenya
41%
Croatia
40%
Singapore
40%
Kazakhstan
39%
United Arab Emirates
36%
Malaysia
35%
Mali
35%
Israel
34%
Taiwan
34%
Bahamas
33%
Ukraine
33%
Belize
32%
Czech Republic
32%
Namibia
32%
Turkmenistan
32%
Nepal
31%
Iran
30%
Portugal
30%
Bosnia and Herzegovina
27%
Iceland
27%
Morocco
27%
Pakistan
26%
San Marino
26%
Sweden
26%
Botswana
25%
Uzbekistan
25%
Qatar
24%
Iraq
23%
Austria
22%
Indonesia
22%
Mexico
22%
Colombia
21%
Finland
21%
Maldives
21%
Mongolia
21%
Tunisia
21%
Uganda
21%
Belgium
19%
Bolivia
19%
Bulgaria
19%
Slovenia
19%
Sudan
19%
Switzerland
18%
Slovakia
17%
Belarus
16%
Estonia
16%
New Zealand
16%
Nigeria
16%
Brunei
15%
Monaco
15%
Syria
14%
Zambia
14%
Algeria
13%
Fiji
13%
Laos
13%
Libya
13%
Niger
13%
Cote D'Ivoire
12%
Oman
12%
Paraguay
12%
Uruguay
12%
Ecuador
11%
Luxembourg
11%
Argentina
10%
Dominican Republic
10%
D.R.Congo
9%
Ghana
9%
Malta
9%
Moldova
9%
Serbia
9%
Yemen
9%
Zimbabwe
9%
Lesotho
8%
Mauritania
8%
Tajikistan
8%
Albania
7%
Armenia
7%
Azerbaijan
7%
Bahrain
7%
Costa Rica
7%
Lithuania
7%
Marshall Islands
7%
Romania
7%
Seychelles
7%
Andorra
6%
Bangladesh
6%
Central African Republic
6%
El Salvador
6%
Ethiopia
6%
Haiti
6%
Kiribati
6%
Kuwait
6%
Liechtenstein
6%
Samoa
6%
Sao Tome and Principe
6%
Senegal
6%
Somalia
6%
St Lucia
6%
Angola
5%
Antigua and Barbuda
5%
Cyprus
5%
Dominica
5%
Honduras
5%
Kosovo
5%
Kyrgyzstan
5%
Latvia
5%
Lebanon
5%
Mauritius
5%
Philippines
5%
Vanuatu
5%
Benin
4%
Burkina Faso
4%
Cameroon
4%
Chad
4%
Gabon
4%
Georgia
4%
Grenada
4%
Guinea
4%
Guyana
4%
Jamaica
4%
Montenegro
4%
Mozambique
4%
Nauru
4%
Nicaragua
4%
Palau
4%
South Sudan
4%
Sri Lanka
4%
Suriname
4%
Trinidad and Tobago
4%
Burundi
3%
Cape Verde
3%
F.S.Micronesia
3%
Gambia
3%
Guinea-Bissau
3%
Liberia
3%
Macedonia
3%
Malawi
3%
Sierra Leone
3%
Solomon Islands
3%
St Vincent and the Grenadines
3%
Swaziland
3%
Tonga
3%
Tuvalu
3%
Barbados
2%
Comoros
2%
East Timor
2%
Eritrea
2%
Papua New Guinea
2%
Republic of the Congo
2%
Rwanda
2%
St Kitts and Nevis
2%
Togo
2%
Djibouti
1%
Equatorial Guinea
1%

Score Distribution

Percentile by Number Answered

Percent of People with Each Score

Your Score History

You have not taken this quiz